00510nam a2200181 a 4500001001300000003000900013005001700022008004100039020002300080082001500103100001900118245006000137260004900197300001000246500003500256650001800291700001900309nice12345678IN_TiNIC20260116014901.0130107s2006 dhaa grp 000 0 eng  a8185102236 c12000a951.5bCHO aChophel, Norbu aFolk Culture of Tibetb Superstitions and Other Beliefs aDharamsala bTibetan Works & Archives c2006 a101p  aincludes index and biblioraphy aTibet-Culture1 aChophel, Norbu